Sheʼelot u-teshuvot Ohel Mosheh. (Record no. 32716)

MARC details
000 -LEADER
fixed length control field 00606cam a22002291 4500
001 - CONTROL NUMBER
control field he 67002049
003 - CONTROL NUMBER IDENTIFIER
control field DLC
005 - DATE AND TIME OF LATEST TRANSACTION
control field 20260227111451.0
008 - FIXED-LENGTH DATA ELEMENTS--GENERAL INFORMATION
fixed length control field 840703s1880 li 000 0 heb
010 ## - LIBRARY OF CONGRESS CONTROL NUMBER
LC control number he 67002049
035 ## - SYSTEM CONTROL NUMBER
System control number (OCoLC)19155286
040 ## - CATALOGING SOURCE
Original cataloging agency DLC
Transcribing agency MH
Modifying agency DLC
042 ## - AUTHENTICATION CODE
Authentication code premarc
050 00 - LIBRARY OF CONGRESS CALL NUMBER
Classification number BM522.59
Item number .R38 1880
100 1# - MAIN ENTRY--PERSONAL NAME
Personal name Kreines, Moses,
Dates associated with a name 1843-1896.
245 10 - TITLE STATEMENT
Title Sheʼelot u-teshuvot Ohel Mosheh.
260 ## - PUBLICATION, DISTRIBUTION, ETC.
Place of publication, distribution, etc. Vilna :
Name of publisher, distributor, etc. Bi-defus Y. L. Matz,
Date of publication, distribution, etc. 1880.
300 ## - PHYSICAL DESCRIPTION
Extent 52 p. ;
Dimensions 28 cm.
650 #0 - SUBJECT ADDED ENTRY--TOPICAL TERM
Topical term or geographic name entry element Responsa
Chronological subdivision 1800-1948.
740 0# - ADDED ENTRY--UNCONTROLLED RELATED/ANALYTICAL TITLE
Uncontrolled related/analytical title Ohel Mosheh.
752 ## - ADDED ENTRY--HIERARCHICAL PLACE NAME
Country or larger entity Lithuania
City Vilna

No items available.

Powered by Koha